Gas insulated transmission line (GIL) : a high power transmission technology /

Bibliographic Details
Main Author: Koch, Hermann, 1954-
Format: eBook
Language:English
Published: Hoboken, N.J. : Wiley, [2012]
Series:Wiley online library.
Subjects:
Online Access:Connect to the full text of this electronic book

MARC

Tag First Indicator Second Indicator Subfields
LEADER 00000cam a2200000Ka 4500
001 in00002736697
005 20210727160130.0
006 m d
007 cr cn|||||||||
008 111213s2012 nju ob 001 0 eng d
020 |a 1119953081 (electronic bk.) 
020 |a 9781119953081 (electronic bk.) 
035 |a (OCoLC)768204564 
035 |a (OCoLC)ocn768204564 
035 |a 3940299 
037 |a 10.1002/9781119953081  |b Wiley InterScience  |n http://www3.interscience.wiley.com 
040 |a DG1  |b eng  |c DG1  |d TXA  |d UtOrBLW 
049 |a TXAM 
050 4 |a TK3331  |b K63 2012eb 
082 0 4 |a 621.319/34  |2 23 
100 1 |a Koch, Hermann,  |d 1954-  |0 http://id.loc.gov/authorities/names/n2011048085 
245 1 0 |a Gas insulated transmission line (GIL) :  |b a high power transmission technology /  |c Hermann Koch. 
264 1 |a Hoboken, N.J. :  |b Wiley,  |c [2012] 
264 4 |c ©2012 
300 |a 1 online resource 
336 |a text  |b txt  |2 rdacontent 
337 |a computer  |b c  |2 rdamedia 
338 |a online resource  |b cr  |2 rdacarrier 
500 |a Electronic resource. 
504 |a Includes bibliographical references and index. 
505 0 |a Front Matter -- Introduction -- History -- Technology -- System and Network -- Environmental Impact -- Economic Aspects -- Applications -- Comparison of Transmission Systems -- Power Transmission Pipeline -- Conclusion -- References -- Index. 
650 0 |a Electric cables  |x Gas insulation.  |0 http://id.loc.gov/authorities/subjects/sh85041600 
655 7 |a Electronic books.  |2 local 
776 0 8 |i Print version:  |a Koch, Hermann, 1954-  |t Gas insulated transmission line (GIL).  |d Hoboken, N.J. : Wiley, 2011  |z 9780470665336  |w (DLC) 2011024794  |w (OCoLC)742305914 
830 0 |a Wiley online library. 
856 4 0 |u http://proxy.library.tamu.edu/login?url=https://dx.doi.org/10.1002/9781119953081  |z Connect to the full text of this electronic book  |t 0 
948 |a cataloged  |b h  |c 2011/12/16  |d c  |e jlanham  |f 3:14:53 pm 
994 |a C0  |b TXA 
999 |a MARS 
999 f f |s eab43d42-5e24-39da-bda6-ff4cfe052de8  |i 6da1f681-d1ad-3be0-8f78-0f9dfa8b799d  |t 0 
952 f f |a Texas A&M University  |b College Station  |c Electronic Resources  |d Available Online  |t 0  |e TK3331 K63 2012eb  |h Library of Congress classification 
998 f f |a TK3331 K63 2012eb  |t 0  |l Available Online